000 00656nam 22002293 4500
001 201206
010 _a972-41-0908-9
021 _aPT
_b44772/91
090 _a201206
100 _a20260312d u||y0pory50 ba
200 _a"Muerte" em trânsito
_fRené Sterne
_gcor Chantal de Spiegeleer; tradução Francisco Alba Linhares
205 _a
210 _aPorto
_cEdições Asa
_d1991
215 _a48 p.
_cil. ; encadernado
_d29 cm
225 _aAdler
_h3
606 _91586
_aDesenho Artístico
610 _aBanda desenhada
675 _a74
_vPT
_zpor
700 _915818
_aSterne
_bRené
_f1938-2018
801 _aPT
_bBMMN
_gRPC
830 _cIsabel
990 _cLIVROS